[Event "Oberliga NRW 1718"]
[Site "Germany"]
[Date "2017.09.17"]
[Round "1.5"]
[White "Kooijmans, Jermo"]
[Black "Bus, Tom"]
[Result "1/2-1/2"]
[WhiteElo "2279"]
[BlackElo "2096"]
[PlyCount "116"]
[EventDate "2017.09.17"]
[EventType "team-tourn"]
[EventRounds "9"]
[EventCountry "GER"]
[SourceTitle "EXT 2019"]
[Source "ChessBase"]
[SourceDate "2018.10.10"]
[SourceVersion "1"]
[SourceVersionDate "2018.10.10"]
[SourceQuality "1"]
[WhiteTeam "Gerresheim"]
[BlackTeam "Muelheim Nord II"]
[WhiteTeamCountry "GER"]
[BlackTeamCountry "GER"]

1. e4 c5 2. Nf3 Nc6 3. d4 cxd4 4. Nxd4 Nf6 5. Nc3 d6 6. Bg5 e6 7. Qd2 a6 8. 0-0-0 Bd7 9. f3 Be7 10. Be3 h5 11. Kb1 Rc8 12. Nxc6 Bxc6 13. Bd3 b5 14. Ne2 e5 15. h3 h4 16. Nc3 0-0 17. Qf2 b4 18. Ne2 Bb5 19. Qxh4 Qc7 20. Rc1 b3 21. axb3 Bxd3 22. cxd3 Qb7 23. Rxc8 Rxc8 24. Nc1 Nd5 25. Qe1 Nb4 26. Bd2 Nc2 27. Qd1 Nd4 28. h4 Qb5 29. Bc3 Ne6 30. g3 d5 31. exd5 Qxd5 32. Qe2 Bd6 33. Re1 Rc5 34. Qe4 Bc7 35. b4 Rb5 36. Qxd5 Rxd5 37. Re4 Kf8 38. Rc4 Bb6 39. Rc6 Bf2 40. g4 Bxh4 41. Rxa6 Bd8 42. Bd2 Nd4 43. f4 Nf3 44. Be3 exf4 45. Bxf4 Ke7 46. Kc2 Rd4 47. Ne2 Rd5 48. Kc3 Ne5 49. Bxe5 Rxe5 50. Nd4 Rg5 51. b5 Kd7 52. b6 Bf6 53. Ra7+ Kc8 54. Rxf7 Rc5+ 55. Kb4 Bxd4 56. Rxg7 Rc2 57. Rc7+ Rxc7 58. bxc7 Bxb2 1/2-1/2

[Event "Dieren op"]
[Site "Dieren"]
[Date "2017.08.02"]
[Round "8"]
[White "Beukema, Stefan"]
[Black "Kooijmans, Jermo"]
[Result "1/2-1/2"]
[WhiteElo "2400"]
[BlackElo "2272"]
[PlyCount "59"]
[EventDate "2017.07.25"]
[EventType "swiss"]
[EventRounds "9"]
[EventCountry "NED"]
[SourceTitle "CBM 179 Extra"]
[Source "ChessBase"]
[SourceDate "2017.08.23"]
[SourceVersion "1"]
[SourceVersionDate "2017.08.23"]
[SourceQuality "1"]

1. e4 e5 2. Nf3 Nc6 3. Bc4 Nf6 4. d3 Be7 5. c3 0-0 6. 0-0 d5 7. exd5 Nxd5 8. Re1 Bg4 9. h3 Bh5 10. Nbd2 Nb6 11. Bb5 f6 12. Ne4 Qd5 13. c4 Qe6 14. Nfg5 fxg5 15. Qxh5 Nd4 16. c5 Nxb5 17. cxb6 Nd4 18. Rb1 axb6 19. Bxg5 Bxg5 20. Nxg5 Qf5 21. Rxe5 Qxf2+ 22. Kh1 h6 23. Ne4 Qc2 24. Re1 Qxd3 25. Qg6 Kh8 26. Re7 Nf5 27. Rf7 Rxf7 28. Qxf7 Ng3+ 29. Nxg3 Qxg3 30. Re8+ 1/2-1/2

[Event "Dieren op"]
[Site "Dieren"]
[Date "2017.07.29"]
[Round "5"]
[White "Kooijmans, Jermo"]
[Black "Hausrath, Daniel"]
[Result "1/2-1/2"]
[WhiteElo "2272"]
[BlackElo "2482"]
[PlyCount "40"]
[EventDate "2017.07.25"]
[EventType "swiss"]
[EventRounds "9"]
[EventCountry "NED"]
[SourceTitle "CBM 179 Extra"]
[Source "ChessBase"]
[SourceDate "2017.08.23"]
[SourceVersion "1"]
[SourceVersionDate "2017.08.23"]
[SourceQuality "1"]

1. e4 c6 2. d4 d5 3. e5 Bf5 4. Nf3 e6 5. Be2 Nd7 6. 0-0 Bg6 7. Nbd2 Nh6 8. Nb3 Nf5 9. Bd2 Be7 10. g4 Nh4 11. Nxh4 Bxh4 12. f4 f5 13. Bd3 0-0 14. g5 h6 15. gxh6 gxh6 16. Kh1 Kh7 17. Qf3 Qe7 18. Rg1 Rg8 19. Be3 Rg7 20. Rg2 Rag8 1/2-1/2

[Event "Dieren op"]
[Site "Dieren"]
[Date "2017.07.27"]
[Round "3"]
[White "Kooijmans, Jermo"]
[Black "Boersma, Jan"]
[Result "1-0"]
[WhiteElo "2272"]
[BlackElo "2095"]
[PlyCount "57"]
[EventDate "2017.07.25"]
[EventType "swiss"]
[EventRounds "9"]
[EventCountry "NED"]
[SourceTitle "CBM 179 Extra"]
[Source "ChessBase"]
[SourceDate "2017.08.23"]
[SourceVersion "1"]
[SourceVersionDate "2017.08.23"]
[SourceQuality "1"]

1. e4 c5 2. Nf3 g6 3. d4 cxd4 4. Qxd4 Nf6 5. Nc3 Nc6 6. Qa4 d6 7. e5 dxe5 8. Nxe5 Bd7 9. Nxd7 Qxd7 10. Be3 Bg7 11. Rd1 Qc8 12. Be2 0-0 13. 0-0 Rd8 14. h3 Qe6 15. Qb5 Rdc8 16. Rfe1 Qe5 17. Qxb7 Rab8 18. Qa6 Nb4 19. Qa4 Qf5 20. Bxa7 Ra8 21. Bf3 Rxa7 22. Qxa7 Nxc2 23. Rxe7 Bf8 24. Rxf7 Bc5 25. Qb7 Bxf2+ 26. Kh1 Re8 27. Nd5 Bh4 28. Ne7+ Rxe7 29. Qxe7 1-0

[Event "Dieren op"]
[Site "Dieren"]
[Date "2017.07.26"]
[Round "2"]
[White "Hendriks, Willy"]
[Black "Kooijmans, Jermo"]
[Result "1-0"]
[WhiteElo "2411"]
[BlackElo "2272"]
[PlyCount "87"]
[EventDate "2017.07.25"]
[EventType "swiss"]
[EventRounds "9"]
[EventCountry "NED"]
[SourceTitle "CBM 179 Extra"]
[Source "ChessBase"]
[SourceDate "2017.08.23"]
[SourceVersion "1"]
[SourceVersionDate "2017.08.23"]
[SourceQuality "1"]

1. g3 d5 2. Bg2 e5 3. c4 dxc4 4. Qa4+ Bd7 5. Qxc4 Nc6 6. Nf3 Be6 7. Qa4 Qd7 8. Nc3 Bd6 9. 0-0 Nge7 10. d3 h6 11. a3 0-0 12. b4 a6 13. Bb2 Bh3 14. Rfd1 Bxg2 15. Kxg2 Rfd8 16. Rac1 Qe6 17. Qc2 f5 18. d4 exd4 19. Nxd4 Nxd4 20. Rxd4 Be5 21. Rxd8+ Rxd8 22. Na4 Bxb2 23. Nxb2 c6 24. Nd3 Qe4+ 25. Kg1 b6 26. h4 Kh7 27. h5 Rd4 28. Nf4 Qxc2 29. Rxc2 Rd1+ 30. Kg2 Kg8 31. Nd3 Ra1 32. Rc3 Ra2 33. Kf3 Nd5 34. Rxc6 Rxa3 35. Kg2 Rb3 36. Rd6 Nxb4 37. Rxb6 a5 38. Ne5 Kf8 39. Rb8+ Ke7 40. Nc6+ Kf6 41. Nxa5 Rb2 42. Nc6 Nxc6 43. Rxb2 Kg5 44. Rb7 1-0

[Event "NRW Class2 1213"]
[Site "Germany"]
[Date "2013.04.07"]
[Round "8.7"]
[White "Kooijmans, Jermo"]
[Black "Kamp, Christoph"]
[Result "1/2-1/2"]
[WhiteElo "2078"]
[BlackElo "2165"]
[PlyCount "154"]
[EventDate "2012.09.16"]
[EventType "team-tourn"]
[EventRounds "9"]
[EventCountry "GER"]
[SourceTitle "EXT 2017"]
[Source "ChessBase"]
[SourceDate "2016.10.25"]
[SourceVersion "1"]
[SourceVersionDate "2016.10.25"]
[SourceQuality "1"]
[WhiteTeam "Gerresheim"]
[BlackTeam "Muenster"]
[WhiteTeamCountry "GER"]
[BlackTeamCountry "GER"]

1. e4 e6 2. d4 d5 3. Nc3 Bb4 4. e5 c5 5. a3 Bxc3+ 6. bxc3 Ne7 7. Qg4 Qc7 8. Qxg7 Rg8 9. Qxh7 cxd4 10. Ne2 Nbc6 11. f4 Bd7 12. h4 0-0-0 13. Qd3 dxc3 14. h5 Nf5 15. Qxc3 Rg4 16. Bd2 Rdg8 17. h6 Rh8 18. h7 Rg7 19. 0-0-0 Rhxh7 20. Rxh7 Rxh7 21. g4 Nfe7 22. Bg2 Rh4 23. Bf3 Ng6 24. Nd4 Nxd4 25. Qxd4 Rh3 26. Rf1 Bb5 27. Rf2 b6 28. Kb2 Qc4 29. Qxc4+ Bxc4 30. a4 Kd7 31. Bd1 Rh1 32. Kc1 Kc6 33. Be3 a5 34. Kd2 b5 35. axb5+ Bxb5 36. Bd4 Rf1 37. Rxf1 Bxf1 38. Ke3 Ne7 39. Bb2 Ba6 40. Ba3 Ng6 41. c3 Bb5 42. Bc2 Kd7 43. Bd6 Ne7 44. f5 Nc8 45. Bc5 Kc6 46. fxe6 fxe6 47. Kd4 Kd7 48. g5 Ne7 49. Bd6 Nf5+ 50. Bxf5 exf5 51. Kxd5 Bc6+ 52. Kc5 Be4 53. Kd4 Ke6 54. Ke3 a4 55. Kf4 Bd3 56. g6 Bc2 57. Ba3 Bd3 58. Bc5 Bc2 59. Bb4 Bd3 60. Ba3 Bc4 61. g7 Kf7 62. Kxf5 Be6+ 63. Ke4 Kxg7 64. Kd4 Kf7 65. c4 Ke8 66. Kc5 Kd7 67. Kb5 Kc7 68. Bd6+ Kb7 69. c5 Bd7+ 70. Kb4 Ka6 71. Kc4 Be6+ 72. Kb4 Bd7 73. Be7 Kb7 74. Bg5 Kc6 75. Kc4 Be6+ 76. Kb4 a3 77. Kxa3 Kxc5 1/2-1/2